01765nam a22004211i 4500003000900000005001700009008004100026020001500067020001800082020001800100035001900118035002300137040003800160043001200198082002400210100003100234245020100265264004800466300005600514336002600570337002800596338002700624500011900651504004100770610004900811650006800860650005200928651001000980653002000990655001701010700005101027700004501078700004001123942001201163998002501175999001701200952012601217EG-ScBUE20230222044405.0000302s1999 nyua f b 000 0 eng d a4770023871 a9784770023872 a1920070038002 a(InU)CAJ4636BB a(OCoLC)ocm41711810 aKOMbengerdacKOMdEXWdEG-ScBUE ae-uk-en04a769.952074bFAU2221 aFaulkner, Rupert.eauthor.10aMasterpieces of Japanese prints :bUkiyo-e from the Victoria and Albert Museum /cRupert Faulkner ; in consultation with B.W. Robinson ; general edittor, Muneshige Narazaki ; editor, Richard Lane. 1aNew York : bKodansha International,c1999. a152 pages :billustrations (chiefly color) ;c30 cm 2rdacontentatextbtxt 2rdamediaaunmediatedbn 2rdacarrieravolumebnc a"Adapted in part from Hizō ukiyo-e taikan, volumes 4 and 5, published in Japanese by Kodansha Ltd."--T.p. verso. aIncludes bibliographical references.27aVictoria and Albert MuseumxCatalogs.2BUEsh 7aColor prints, JapaneseyEdo period, 1600-1868xCatalogs.2BUEsh 7aColor printszEnglandzLondonxCatalogs.2BUEsh 2BUEsh bCOMAMEcMay2019 vReading book1 aRobinson, B. W.q(Basil William)econtributor.1 aNarazaki, Muneshige,d1904-2001eeditor.1 aLane, Richard,d1926-2002,eeditor. 2ddccBB b4/18/2000c4/18/2000 c27480d27451 00102ddc40708Donation-GaMAINbMAINc2NDd2019-05-23eDonationl0o769.952074 FAUp000047856r2023-11-14 00:00:00yBB